000 00726nam a2200193 a 4500
001 000043359
005 20201002040838.0
008 140311s2007 sp 001 0 spa d
020 _a8483470160
040 _aDO-SdBNP
_bspa
_cBNPHU
100 1 _aLuque Calderón, José
_971012
245 1 0 _aCrónicas del Español Urgente "Luquesinas". /
_cJosé Luque Calderón.
260 _aMadrid, :
_bAgencia Española de Cooperación Internacional
_bMinisterio de Asuntos Exteriores y de Cooperación,
_c2007.
300 _a372 p. ;
_c19 cm.
490 1 _aEspañol urgente
_v1
500 _aIncluye índice analítico
500 _aIncluye datos biografícos del autor en la solapa de la portada
830 0 _aEspañol urgente
_n1
_971013
999 _c42848
_d42848